David Bowie : antologia di testi con traduzione a fronte /
I tiakina i:
| Kaituhi matua: | |
|---|---|
| Ētahi atu kaituhi: | |
| Hōputu: | Pukapuka |
| Reo: | Itāriana Ingarihi |
| I whakaputaina: |
Milano :
Arcana,
©1982
|
| Rangatū: | MusiQa ;
4 |
| Ngā marau: | |
| Ngā Tūtohu: |
Kāore He Tūtohu, Me noho koe te mea tuatahi ki te tūtohu i tēnei pūkete!
|
MARC
| LEADER | 00000nam a2200000 i 4500 | ||
|---|---|---|---|
| 001 | IT\ICCU\SBL\0310175 | ||
| 003 | ItRI | ||
| 005 | 20260115231943.0 | ||
| 008 | 910930s1982 it |||||| ||||| |||||c | ||
| 015 | |2 IT |a 83-5125 | ||
| 020 | |a 8885008402 | ||
| 040 | |b ita |c importazione bologna sebina | ||
| 041 | 7 | |a ita |a eng |2 ISO-639-2 | |
| 082 | |a 784 |9 MUSICA VOCALE E CANTO |2 18 | ||
| 100 | 1 | |a Bowie, David, |d (1947-2016) |0 IT\ICCU\CFIV\043360 |4 aut | |
| 245 | 1 | 0 | |a David Bowie : |b antologia di testi con traduzione a fronte / |c a cura di Luca Majer. |
| 260 | |a Milano : |b Arcana, |c ©1982 | ||
| 300 | |a 221 p. ; |c 21 cm | ||
| 500 | |a Trad. di Daniela Mento. | ||
| 650 | 7 | |a Bowie, David | |
| 650 | 7 | |a Canzoni inglesi |x Testi |x Antologie |2 scbi | |
| 700 | 1 | |a Majer, Luca |0 IT\ICCU\SBLV\165805 | |
| 790 | 1 | |a Hayward-Jones, David Robert |3 IT\ICCU\CFIV\196309 |z Bowie, David (1947-2016) | |
| 790 | 1 | |a Jones, David Robert |3 IT\ICCU\CFIV\196310 |z Bowie, David (1947-2016) | |
| 830 | 0 | |a MusiQa ; |v 4 |0 IT\ICCU\CFI\0003309 | |
| 942 | |2 ddc |c BK |n 0 | ||
| 952 | |0 0 |1 0 |4 0 |6 DOC_782_421000000000000_MAJ |7 0 |9 17726 |a BO |b BO |d 2026-01-15 |i 972 |l 0 |o DOC 782.421 MAJ |p BO972 |r 2026-01-15 23:19:43 |w 2026-01-15 |x [Sebina 5] [1 v.] |y BK |z 1 v. | ||
| 999 | |c 15089 |d 15089 | ||